|
|
|
|
| LEADER |
00000nab a2200000 a 4500 |
| 001 |
vtls000333236 |
| 003 |
SK-MaSNL |
| 005 |
20260302224756.0 |
| 008 |
111201c1988 xo 0 slo |
| 015 |
|
|
|a SNBRB19rr/mm-uuuuu
|
| 035 |
|
|
|a CL0333358
|
| 040 |
|
|
|a SNKBUCL
|b slo
|c SNKBUCL
|e AACR2
|
| 041 |
0 |
|
|a slo
|
| 044 |
|
|
|a xo
|c SK
|
| 080 |
|
|
|a 631.158:338.2
|2 1981
|
| 080 |
|
|
|a 338.2
|2 1981
|
| 100 |
1 |
|
|a Jarabinský, M.
|4 aut
|9 956374
|
| 245 |
1 |
0 |
|a Rekreácie doma i v zahraničí
|b Vzorový sociálny program JRD Družba v Prievoze
|c M. Jarabinský
|
| 650 |
0 |
7 |
|a JRD Prievoz, Slovensko
|2 snkbucl
|9 956375
|
| 651 |
|
7 |
|a 5201
|2 snkbucl
|9 277970
|
| 655 |
|
7 |
|a články z novín a časopisov
|2 snkbucl
|9 267496
|
| 773 |
0 |
|
|t Bratislava
|g Roč. 15, č. 2 (1988), s. 14
|
| 850 |
|
|
|a Slovenská národná knižnica v Martine
|a MTA001
|
| 852 |
|
|
|a SNK
|b KIS3GCP
|
| 958 |
|
|
|a RK
|
| 992 |
|
|
|a RBX
|
| 999 |
|
|
|c 1525921
|d 1527851
|